Digital signal processing -(E-BOOK) (Record no. 191983)
[ view plain ]
| 000 -LEADER | |
|---|---|
| fixed length control field | 01089 a2200217 4500 |
| 003 - CONTROL NUMBER IDENTIFIER | |
| control field | Nust |
| 005 - DATE AND TIME OF LATEST TRANSACTION | |
| control field | 20170207154028.0 |
| 010 ## - LIBRARY OF CONGRESS CONTROL NUMBER | |
| LC control number | 2001268837 |
| 020 ## - INTERNATIONAL STANDARD BOOK NUMBER | |
| International Standard Book Number | 0766815315 |
| 035 ## - SYSTEM CONTROL NUMBER | |
| System control number | (OCoLC)ocm44799676 |
| 040 ## - CATALOGING SOURCE | |
| Transcribing agency | Nust |
| 082 00 - DEWEY DECIMAL CLASSIFICATION NUMBER | |
| Classification number | 621.3822 |
| 100 1# - MAIN ENTRY--PERSONAL NAME | |
| Personal name | White, Steve. |
| 245 10 - TITLE STATEMENT | |
| Title | Digital signal processing -(E-BOOK) |
| Statement of responsibility, etc. | Steve White. |
| 260 ## - PUBLICATION, DISTRIBUTION, ETC. | |
| Place of publication, distribution, etc. | Singapore ; |
| -- | Stamford, CT : |
| Name of publisher, distributor, etc. | Delmar, |
| Date of publication, distribution, etc. | c2000. |
| 300 ## - PHYSICAL DESCRIPTION | |
| Extent | xv, 234 p. : |
| Other physical details | ill. ; |
| Dimensions | 24 cm. |
| 500 ## - GENERAL NOTE | |
| General note | Includes index. |
| 505 ## - FORMATTED CONTENTS NOTE | |
| Formatted contents note | Introduction to Digital Signal Processing and Digital Filtering(Page-1) Effect of Signal Sampling(Page-9) Digital Filter Specifications(Page-25) z-Transforms(Page-39) The z-Transform of the DSP Equation(Page-55) Frequency Response of Digital Filtersand DSP Systems(Page-67) IIR Filter Design(Page-81) Digital Filter and DSP Stability(Page-111) Filter Coefficient Precision(Page-129) FIR Filter Design(Page-145) Windows for FIR Filters(Page-165) Practical Digital Filter Considerations(Page-187) Digital Integration(Page-207) |
| 650 #0 - SUBJECT ADDED ENTRY--TOPICAL TERM | |
| Topical term or geographic name entry element | Signal processing |
| General subdivision | Digital techniques. |
| 651 ## - SUBJECT ADDED ENTRY--GEOGRAPHIC NAME | |
| Geographic name | E-BOOK |
| 942 ## - ADDED ENTRY ELEMENTS (KOHA) | |
| Source of classification or shelving scheme | |
| Koha item type | Book |
| Withdrawn status | Lost status | Source of classification or shelving scheme | Damaged status | Not for loan | Collection code | Permanent Location | Current Location | Date acquired | Total Checkouts | Full call number | Barcode | Date last seen | Price effective from | Koha item type |
|---|---|---|---|---|---|---|---|---|---|---|---|---|---|---|
| Military College of Signals (MCS) | Military College of Signals (MCS) | 12/12/2016 | 621.3822 WHI | MCSEB-1171 | 12/08/2016 | 12/12/2016 | Book |
